书目信息 |
| 题名: |
大学英语四级历年真题全析全解集中赢
|
|
| 作者: | 赵建昆 主编 | |
| 分册: | ||
| 出版信息: | 北京 中国石化出版社 2014 |
|
| 页数: | 231页 | |
| 开本: | 26cm | |
| 丛书名: | ||
| 单 册: | ||
| 中图分类: | H310.421-44 | |
| 科图分类: | ||
| 主题词: | 英语--高等学校--题解 | |
| 电子资源: | ||
| ISBN: | 978-7-5114-2622-2 | |
| 000 | 00831nam0 2200253 450 | |
| 001 | 338143 | |
| 005 | 20150601103246.79 | |
| 010 | @a978-7-5114-2622-2@dCNY32.80 | |
| 100 | @a20140411d2014 em y0chiy50 ea | |
| 101 | 0 | @achi@aeng |
| 102 | @aCN@b110000 | |
| 105 | @ay zq 000yy | |
| 106 | @ar | |
| 200 | 1 | @a大学英语四级历年真题全析全解集中赢@Ada xue ying yu si ji li nian zhen ti quan xi quan jie ji zhong ying@e新题型@f赵建昆主编 |
| 205 | @a第2版 | |
| 210 | @a北京@c中国石化出版社@d2014 | |
| 215 | @a231页@d26cm@e光盘1片 | |
| 300 | @a赵建昆大学英语四级辅导用书 | |
| 330 | @a本书收录了2010年至2013年的大学英语四级考试真题, 并附有解析与答案。 | |
| 606 | 0 | @a英语@x高等学校@j题解 |
| 690 | @aH310.421-44@v5 | |
| 701 | 0 | @a赵建昆@Azhao jian kun@4主编 |
| 801 | 0 | @aCN@b卓展宏图@c20150525 |
| 905 | @dH310.421-44@e1585=2@f4 | |
| 大学英语四级历年真题全析全解集中赢:新题型/赵建昆主编.-第2版.-北京:中国石化出版社,2014 |
| 231页;26cm+光盘1片 |
| 赵建昆大学英语四级辅导用书 |
| ISBN 978-7-5114-2622-2:CNY32.80 |
| 本书收录了2010年至2013年的大学英语四级考试真题, 并附有解析与答案。 |
| ● |
| 相关链接 |
|
|
|
|
正题名:大学英语四级历年真题全析全解集中赢
索取号:H310.421-44/1585=2
 
预约/预借
| 序号 | 登录号 | 条形码 | 馆藏地/架位号 | 状态 | 备注 |
| 1 | 857527 | 208575273 | 第二样本阅览室/ [索取号:H310.421-44/1585=2] | 在馆 | |
| 2 | 857528 | 208575282 | 第四借阅区/ [索取号:H310.421-44/1585=2] | 在馆 | |
| 3 | 857529 | 208575291 | 第四借阅区/ [索取号:H310.421-44/1585=2] | 在馆 | |
| 4 | 857530 | 208575308 | 第四借阅区/ [索取号:H310.421-44/1585=2] | 在馆 |